000 00583nam a2200145Ia 4500
008 100204s9999 xx 000 0 und d
082 _b25139
100 _aनाडकर्णी सुरेशचंद्र्र
245 _aपृथ्वीवर माणूस उपराच !
260 _b"मेहता पब्लिशिंग हाऊस , पुणे"
_c2001 6
300 _a82
630 _aपृथ्वीवर माणूस उपराच !
730 _aपृथ्वीवर माणूस उपराच !
942 _cBOOK
999 _c470320
_d470317